00305nam a2200133Ia 45000030006000000080041000060400015000471000014000622450036000762600024001123000006001365460012001420050017001540STCL150530s9999 xx 000 0 und d aSTCLcSTCL aGoel,S.L. aUttarpradesh Journal of Zoology c2008aMuzaffarnagar a0 aEnglish20220125170422.0